Smart Grid Projects in the Pan-European Energy System

Cieľom článku je poskytnúť komparatívnu a komplexnú analýzu projektov inteligentných sietí financovaných z programu H2020 ENERGY a FP7-ENERGY.

Enregistré dans:
Détails bibliographiques
Auteur principal: Kwilinski, Aleksy
Autres auteurs: Kolosok, Svitlana, Artiukhov, Artem, 1983-, Vakulenko, Ihor, Kovalenko, Yevhen
Format: Chapitre de livre
Langue:anglais
Sujets:
Tags: Ajouter un tag
Pas de tags, Soyez le premier à ajouter un tag!

MARC

LEADER 00000naa a2200000 4500
001 0298369
005 20240502084007.2
041 0 |a eng 
044 |a UA 
245 1 0 |a Smart Grid Projects in the Pan-European Energy System  |c Aleksy Kwilinski, Svitlana Kolosok, Artem Artiukhov, Ihor Vakulenko, Yevhen Kovalenko 
520 |a Cieľom článku je poskytnúť komparatívnu a komplexnú analýzu projektov inteligentných sietí financovaných z programu H2020 ENERGY a FP7-ENERGY. 
610 2 0 |a infraštruktúra 
610 2 0 |a technológie informačné 
610 2 0 |a technológie inteligentné 
610 2 0 |a Európska únia 
100 1 |a Kwilinski, Aleksy 
700 1 |a Kolosok, Svitlana 
700 1 |a Artiukhov, Artem, 1983- 
700 1 |a Vakulenko, Ihor 
700 1 |a Kovalenko, Yevhen